000 00632nam a2200241Ia 4500
003 OSt
005 20220926024451.0
006 a|||||r|||| 00| 0
007 ta
008 220923b |||||||| |||| 00| 0 eng d
020 _a1859737951
037 _cGeneral Book
040 _aRTL
_cRTL
_beng
041 _2eng
_aeng
082 _aW64, P3
100 _aLlobera Josep R
_9330795
245 0 _aMaking of totalitarian thought
260 _aOxford
_bBerg
_c2003
300 _a175p
_ccm.
650 _aAutho Ritarianism
_9231046
942 _hW64, P3
_cGB
_2CC
999 _c644339
_d644339